Central Library and Information Centre
Sibsagar Girls' College, Sivasagar : Assam

ADI SADHU (Record no. 1237)

MARC details
000 -LEADER
fixed length control field 00312cam a2200157ua 4500
008 - FIXED-LENGTH DATA ELEMENTS--GENERAL INFORMATION
fixed length control field 191009n II |||gr||||Z||||||asm
040 ## - CATALOGING SOURCE
Original cataloging agency MAIN
041 ## - LANGUAGE CODE
-- English
082 ## - DEWEY DECIMAL CLASSIFICATION NUMBER
Classification number 891.453 TAK
100 ## - MAIN ENTRY--PERSONAL NAME
Personal name TAKI, TANGA.
245 ## - TITLE STATEMENT
Title ADI SADHU
300 ## - PHYSICAL DESCRIPTION
Dimensions 18CM.
942 ## - ADDED ENTRY ELEMENTS (KOHA)
Koha item type Books
653 ## - INDEX TERM--UNCONTROLLED
Uncontrolled term Galpa
Holdings
Withdrawn status Lost status Damaged status Not for loan Collection code Home library Current library Shelving location Date acquired Full call number Barcode Date last seen Copy number Price effective from Koha item type
        REFASM Central Library and Information Centre Sibsagar Girls College Central Library and Information Centre Sibsagar Girls College   07.04.1968 891.453 TAK 01409 27.02.2020 1 27.02.2020 Books
Withdrawn       TBASM Central Library and Information Centre Sibsagar Girls College Central Library and Information Centre Sibsagar Girls College Staff Office 07.04.1968 891.453 TAK 01410 27.02.2020 2 27.02.2020 Books


Sibsagar Girl's College © 2020. All rights reserved.
Powered by Koha.
Maintained by Abhijit Borpuzari.